00345nam a2200121Ia 4500008004100000041000800041082001500049100001700064245004500081260005400126300003000180365001300210240624s9999 xx 000 0 und d aeng a658.45 MUR aMURRAY KEVIN aLANGUAGE OF LEADERS HOW TOP CEOS COMMUNI c2012aNew DelhibKogan Page India Private limited aix, : 229 : p. : cm. ; 24 cRSb33.5